[Event "LetsBora!2"]
[Site "http://www.queenalice.com/game.php?id=1623608"]
[Date "2020.8.12"]
[Round "-"]
[White "paolop69"]
[Black "sasquatico"]
[Result "0-1"]
[WhiteElo "1603"]
[BlackElo "1842"]

1. e4 e5 2. Bc4 Nf6 3. d3 h6 4. h3 d5 5. exd5 Nxd5 6. Bb5+ c6 7. Bc4 Be6 8. Qe2
Bd6 9. Nf3 Nf4 10. Bxf4 Bxc4 11. Bxe5 O-O 12. dxc4 Bxe5 13. Nxe5 Re8 14. f4 f6
15. O-O fxe5 16. fxe5 Qd4+ 17. Kh1 Rxe5 18. c3 Rxe2 19. cxd4 Rxb2 20. Re1 Kf7
21. Rf1+ Kg6 22. Rf8 b5 23. cxb5 Rxb5 24. Nc3 Rf5 25. Re8 a5 26. Re6+ Kf7 27.
Re3 Nd7 28. Rf3 g6 29. Rb1 Rxf3 30. gxf3 Rb8 31. Rxb8 Nxb8 32. Ne4 Na6 33. a3
Ke6 34. Kg2 Kd5 35. h4 Kxd4 36. Kf2 c5 37. Ke2 c4 38. Kd2 Nc5 39. Kc2 Nxe4 40.
fxe4 Kxe4 41. Kc3 Kd5 0-1

[Event "Let's Play Chess!"]
[Site "http://www.queenalice.com/game.php?id=1624255"]
[Date "2020.8.20"]
[Round "-"]
[White "ROYANDROLL"]
[Black "paolop69"]
[Result "0-1"]
[WhiteElo "1555"]
[BlackElo "1588"]

1. h3 e5 2. e4 d6 3. c3 a6 4. b4 Bd7 5. g4 Be7 6. Nf3 c6 7. d3 h6 8. a4 Bf6 9.
a5 g5 10. Nbd2 Be6 11. Bb2 Nd7 12. d4 d5 13. Qe2 Ne7 14. Qe3 exd4 15. cxd4 b5
16. axb6 Nxb6 17. Bd3 Nc4 18. Bxc4 dxc4 19. Qc3 O-O 20. Nxc4 Bxc4 21. Qxc4 Qc8
22. e5 Bg7 23. O-O Nd5 24. Bc1 Nb6 25. Qc3 Nd5 26. Qc4 Re8 27. Ra5 Bf8 28. Bd2
Be7 29. Rc1 Bd8 30. Rc5 Ne7 31. d5 cxd5 32. Qd3 Qb7 33. Nd4 Bb6 34. R5c3 Rac8
35. Nf5 Bxf2+ 36. Kxf2 Nxf5 37. Qxf5 Rxc3 38. Bxc3 Qb6+ 39. Kf3 Qc6 40. Ke3 Qc4
41. Qd3 Qf4+ 42. Ke2 Qxc1 43. Qd2 Qxd2+ 44. Kxd2 Kg7 45. Kd3 Kg6 46. Kd4 Rd8 47.
Kc5 Rc8+ 48. Kd4 f6 49. exf6 Kf7 50. Kd3 Rc4 51. Bd2 Kxf6 52. h4 Rxg4 53. hxg5+
hxg5 54. Be3 Rg3 55. Kd4 Ke6 56. Kd3 g4 57. Kd4 Rg2 58. Kd3 Rb2 59. Kc3 d4+ 60.
Bxd4 Kd5 61. Bc5 Rb1 62. Bb6 g3 63. Bd4 g2 64. Bc5 Rc1+ 65. Kb2 Rxc5 66. bxc5
g1=Q 67. c6 Kc4 68. c7 Qg7+ 69. Ka3 Qxc7 70. Ka4 Qc6+ 71. Ka3 Kc3 72. Ka2 Qb5
73. Ka3 Qa5# 0-1

[Event "Let's Play Chess!"]
[Site "http://www.queenalice.com/game.php?id=1624536"]
[Date "2020.8.22"]
[Round "-"]
[White "Useless"]
[Black "paolop69"]
[Result "0-1"]
[WhiteElo "1678"]
[BlackElo "1566"]

1. e4 e5 2. Nf3 d6 3. Bc4 h6 4. d3 Be7 5. O-O c6 6. Nc3 a6 7. a4 Nd7 8. d4 Bf6
9. dxe5 Nxe5 10. Nxe5 Bxe5 11. Qf3 Qf6 12. Qxf6 Nxf6 13. b4 Bxc3 14. Rb1 Nxe4
15. Re1 Bxe1 16. Be3 Bd2 17. Bd4 f6 18. Rd1 Bxb4 19. f3 Nc3 20. Re1+ Kf8 21. Re3
Nd1 22. Re4 Bc3 23. Bb6 Bf5 24. Re2 d5 25. Bc5+ Kg8 26. Bb3 Kh7 27. Re7 Rhe8 28.
Rxe8 Rxe8 0-1

[Event "Let's Play Chess!"]
[Site "http://www.queenalice.com/game.php?id=1625229"]
[Date "2020.8.28"]
[Round "-"]
[White "paolop69"]
[Black "Lucasbarbaruiva"]
[Result "1-0"]
[WhiteElo "1586"]
[BlackElo "1572"]

1. e4 e5 2. Bc4 d6 3. Qf3 Qf6 4. d3 Qxf3 5. Nxf3 Bg4 6. h3 Bxf3 7. gxf3 Nc6 8.
c3 O-O-O 9. Bxf7 h6 10. Be6+ Kb8 11. Bxg8 Rxg8 12. Be3 g5 13. Nd2 h5 14. Rg1 Be7
15. O-O-O Rdf8 16. Rdf1 b6 17. b4 Bf6 18. a3 b5 19. Nb3 Kb7 20. Na5+ Nxa5 21.
bxa5 a6 22. Kc2 c5 23. c4 b4 24. axb4 cxb4 25. Kb3 Be7 26. Kxb4 Rxf3 27. h4 g4
28. Rh1 d5+ 29. Kb3 dxe4 30. Kc3 exd3 31. Rb1+ Ka8 32. Rb6 e4 33. Rxa6+ Kb8 34.
Rb1+ Kc8 35. Ra8+ Kd7 36. Rb7+ Ke6 37. Rxg8 Bxh4 38. Rh8 Bxf2 39. Rh6+ Kf5 40.
Rb5# 1-0

[Event "Let's Play Chess!"]
[Site "http://www.queenalice.com/game.php?id=1625335"]
[Date "2020.8.29"]
[Round "-"]
[White "bobifixer"]
[Black "paolop69"]
[Result "1-0"]
[WhiteElo "2040"]
[BlackElo "1595"]

1. Nf3 f6 2. d4 e6 3. g3 c6 4. c4 d5 5. cxd5 cxd5 6. Bg2 Qa5+ 7. Bd2 Bb4 8. O-O
Bxd2 9. Nbxd2 Nc6 10. a3 Bd7 11. b4 Qb5 12. e3 Nge7 13. Rc1 g5 14. Nb3 b6 15.
Re1 Nf5 16. Bf1 Qa4 17. Ra1 h6 18. Bd3 g4 19. Nfd2 h5 20. Bxf5 exf5 21. Nb1 Qa6
22. Nc3 Be6 23. b5 Qb7 24. bxc6 Qxc6 25. Ne2 Qd7 26. Rc1 O-O 27. Nf4 Bf7 28. Rc3
Rfc8 29. Qd2 Rxc3 30. Qxc3 Rc8 31. Qb2 a5 32. Rc1 Rxc1+ 33. Nxc1 b5 34. Ncd3 Be8
35. Qc3 Kh7 36. Qxa5 Qc6 37. Nc5 Qd6 38. Qa7+ Kh6 39. Qa8 Qf8 40. Qxd5 Bf7 41.
Qxf5 Qg7 42. Ne4 Bd5 43. Qxh5# 1-0

[Event "Let's Play Chess!"]
[Site "http://www.queenalice.com/game.php?id=1625493"]
[Date "2020.8.31"]
[Round "-"]
[White "paolop69"]
[Black "papilon_br"]
[Result "0-1"]
[WhiteElo "1579"]
[BlackElo "1868"]

1. e4 e5 2. Bc4 Nf6 3. d3 h6 4. h3 Nc6 5. c3 a6 6. Nf3 g6 7. Be3 d5 8. exd5 Nxd5
9. Qa4 Nxe3 10. fxe3 Bd7 11. Qb3 Na5 12. Bxf7+ Ke7 13. Qb4+ Kf6 14. Qxa5 Bb5 15.
Nxe5 Kxe5 16. d4+ Kf6 17. b4 Kxf7 18. Rf1+ Bxf1 19. Kxf1 Qf6+ 20. Kg1 Bd6 21.
Qd5+ Ke7 22. Nd2 Rhf8 23. Rf1 Qh4 24. Qe4+ Qxe4 25. Nxe4 Rxf1+ 26. Kxf1 a5 27.
a3 axb4 28. axb4 Ra3 29. Kf2 Ke6 30. Kf3 h5 31. g4 hxg4+ 32. hxg4 b6 33. Ng5+
Kf6 34. Ne4+ Ke6 35. Ng5+ Kd5 36. Ne4 c6 37. g5 c5 38. Nf6+ Ke6 39. Ne4 Kd5 40.
Nf6+ Kc4 41. Ne4 Bb8 42. bxc5 bxc5 43. d5 Kxd5 44. Nd2 Rxc3 45. Ne4 Ra3 46. Nd2
c4 47. Nb1 Rd3 48. Ke2 Bg3 49. Nd2 Ra3 50. Nf1 Ra2+ 51. Kf3 Rf2+ 0-1

[Event "Challenge"]
[Site "http://www.queenalice.com/game.php?id=1626121"]
[Date "2020.9.6"]
[Round "-"]
[White "marcomasao"]
[Black "paolop69"]
[Result "1-0"]
[WhiteElo "1894"]
[BlackElo "1573"]

1. e4 e5 2. Bc4 Nc6 3. Nf3 d6 4. d3 h6 5. Qe2 Nf6 6. Bd2 a6 7. Nc3 Bg4 8. h3 Nd4
9. Qd1 Nxf3+ 10. gxf3 Bh5 11. Qe2 Be7 12. a4 Qd7 13. Be3 c6 14. a5 O-O 15. Kd2
Rab8 16. Rag1 b5 17. axb6 g5 18. Bxg5 Rxb6 19. Bxf6+ Bg6 20. Rxg6+ Kh7 21. Rg7+
Kh8 22. Qe3 Bxf6 23. Qxh6# 1-0

[Event "Let's Play Chess!"]
[Site "http://www.queenalice.com/game.php?id=1626442"]
[Date "2020.9.11"]
[Round "-"]
[White "paolop69"]
[Black "Lucasbarbaruiva"]
[Result "0-1"]
[WhiteElo "1607"]
[BlackElo "1623"]

1. e4 e5 2. Bc4 d6 3. Qf3 Qf6 4. d3 Qxf3 5. Nxf3 Bg4 6. h3 Bxf3 7. gxf3 c6 8.
Be3 Nf6 9. a3 a6 10. Nd2 b5 11. Bb3 Nbd7 12. Bg5 Be7 13. Rg1 Nc5 14. Ba2 O-O-O
15. Bxf7 h6 16. Bxf6 Bxf6 17. Nb3 Nxb3 18. Bxb3 g5 19. Be6+ Kc7 20. c4 c5 21. b3
Rh7 22. cxb5 axb5 23. a4 b4 24. a5 Ra8 25. Bd5 Ra7 26. Bg8 Rg7 27. Bc4 Bd8 28.
a6 Kd7 29. Bb5+ Kc7 30. Bc4 h5 31. f4 exf4 32. f3 Bf6 33. Ra4 Bc3+ 34. Ke2 Kd7
35. Bb5+ Ke6 36. Bc4+ Ke5 37. Ra5 Kf6 38. Bb5 Ke5 39. Be8 h4 40. Bh5 d5 41. Bg4
dxe4 42. Rxc5+ Kd4 43. Rc4+ Kd5 44. fxe4+ Kd6 45. d4 Rxa6 46. e5+ Kd5 47. Bf3+
Ke6 48. Rc6+ Rxc6 49. Bxc6 Bxd4 50. Kd3 Bxe5 51. Bb5 Kf5 52. Kc4 Bc3 53. Kd3 g4
54. hxg4+ Kg5 55. Bc6 h3 56. Bd7 Rxd7+ 0-1

[Event "Let's Play Chess!"]
[Site "http://www.queenalice.com/game.php?id=1626546"]
[Date "2020.9.11"]
[Round "-"]
[White "papilon_br"]
[Black "paolop69"]
[Result "0-1"]
[WhiteElo "1891"]
[BlackElo "1600"]

1. e4 e5 2. Nf3 d6 3. d4 Nd7 4. d5 h6 5. Nc3 a6 6. g3 g5 7. Bh3 Nb6 8. Bxc8 Qxc8
9. O-O f6 10. a3 Ne7 11. b3 Ng6 12. a4 Qg4 13. Be3 Nf4 14. Bxf4 exf4 15. Nd4
Qxd1 16. Raxd1 Kf7 17. Nf5 f3 18. h3 h5 19. g4 hxg4 20. hxg4 Nd7 21. Rd3 Ne5 22.
Re3 Rh3 23. Ne2 Nxg4 24. Rd3 Ne5 25. Rc3 fxe2 26. Rxh3 exf1=Q+ 27. Kxf1 Bg7 28.
Ke2 Rh8 29. Rc3 c6 30. dxc6 Nxc6 31. Nxd6+ Ke6 32. Nf5 Bf8 33. Rc4 g4 34. Ng3
Ne5 35. Rc8 Nd7 36. Nf5 Rh2 37. Re8+ Kf7 38. Rd8 Ne5 39. Rb8 b5 40. Rb7+ Kg6 41.
Ng3 Bd6 42. Rb6 Bc5 43. Rxa6 Rxf2+ 44. Ke1 Nf3+ 45. Kd1 Rd2+ 46. Kc1 Ba3+ 47.
Kb1 Rd1+ 48. Ka2 b4 49. e5 Nxe5 50. Ne4 Rf1 51. Nd2 Rf2 52. Ne4 Rxc2+ 53. Kb1
Rb2+ 54. Ka1 Kf5 55. Nxf6 Rxb3 56. Nd5 Rd3 57. Rf6+ Ke4 58. Nb6 g3 59. Rf1 g2
60. Re1+ Kd4 61. Rg1 Rd2 62. a5 Kc5 63. Na4+ Kb5 64. Nb6 Kxa5 65. Nd5 Bb2+ 66.
Kb1 Bd4 67. Kc1 Bxg1 0-1

[Event "Let's Play Chess!"]
[Site "http://www.queenalice.com/game.php?id=1626660"]
[Date "2020.9.12"]
[Round "-"]
[White "paolop69"]
[Black "ichtus"]
[Result "0-1"]
[WhiteElo "1570"]
[BlackElo "2839"]

1. e4 c5 2. Bc4 e6 3. d3 Nc6 4. c3 d5 5. exd5 exd5 6. Bb5 Bd6 7. Qe2+ Ne7 8. Nf3
O-O 9. Bxc6 Nxc6 10. O-O Re8 11. Qc2 Bg4 12. h3 Bxf3 13. gxf3 Qh4 14. f4 Qxh3
15. f3 Re6 16. Qg2 Rg6 17. Rf2 Rxg2+ 18. Rxg2 Qxf3 19. Rf2 Qd1+ 20. Rf1 Qxd3 21.
Na3 Qg3+ 22. Kh1 Re8 23. Bd2 Re2 0-1

[Event "Let's Play Chess!"]
[Site "http://www.queenalice.com/game.php?id=1626661"]
[Date "2020.9.13"]
[Round "-"]
[White "paolop69"]
[Black "bobifixer"]
[Result "0-1"]
[WhiteElo "1600"]
[BlackElo "2026"]

1. e4 e5 2. Bc4 Nf6 3. d3 h6 4. h3 Bc5 5. c3 O-O 6. Nf3 d6 7. Nbd2 Nc6 8. g3 a6
9. Nh4 b5 10. Bd5 Nxd5 11. exd5 Ne7 12. c4 Nf5 13. Nxf5 Bxf5 14. Nf3 Qf6 15. a3
e4 16. Be3 Bxe3 17. fxe3 exf3 18. Kf2 bxc4 19. dxc4 Qxb2+ 20. Kxf3 Qe5 21. Qd4
Qxd4 22. exd4 Rfe8 23. g4 Be4+ 24. Kg3 Bxh1 25. Rxh1 Re3+ 26. Kf4 Rae8 27. Rf1
g6 28. Rf3 Rxf3+ 29. Kxf3 g5 0-1

[Event "Challenge"]
[Site "http://www.queenalice.com/game.php?id=1626671"]
[Date "2020.9.12"]
[Round "-"]
[White "ichtus"]
[Black "paolop69"]
[Result "1-0"]
[WhiteElo "2837"]
[BlackElo "1575"]

1. d4 e6 2. Nf3 f6 3. e4 Nc6 4. Be2 Bb4+ 5. c3 Be7 6. Bf4 g5 7. Be3 a6 8. Nfd2
d6 9. Bh5+ Kf8 10. O-O Bd7 11. f4 Be8 12. fxg5 Bg6 13. gxf6 Bxf6 14. Bxg6 hxg6
15. Qg4 Qe7 16. Qxg6 Rh6 17. Bxh6+ Nxh6 18. Qxh6+ Kg8 19. Rxf6 Nd8 20. Qg5+ Qg7
21. Rg6 1-0

[Event "Challenge"]
[Site "http://www.queenalice.com/game.php?id=1626736"]
[Date "2020.9.12"]
[Round "-"]
[White "dimitridruloza2012"]
[Black "paolop69"]
[Result "1-0"]
[WhiteElo "1709"]
[BlackElo "1603"]

1. e4 e5 2. d4 d6 3. Bc4 Be7 4. Qf3 Bf6 5. Na3 a6 6. Nh3 Bxh3 7. Qxh3 Ne7 8. Be3
Nd7 9. O-O-O b5 10. Bb3 Ng6 11. Kb1 Bg5 12. Qf3 O-O 13. dxe5 Ndxe5 14. Qg3 Bh4
15. Qh3 Qd7 16. Qxd7 Nxd7 17. Bd5 Nf6 18. Bxa8 Rxa8 19. Rhe1 Nxe4 20. Rf1 Ne5
21. Rd4 d5 22. f3 Nc6 23. fxe4 Nxd4 24. Bxd4 f6 25. exd5 Bg5 26. Re1 Rd8 27. c4
b4 28. Nc2 a5 29. Re7 h5 30. Rxc7 h4 31. Ra7 b3 32. axb3 Bd2 33. Bb6 Rb8 34. c5
Re8 35. Ka2 Re2 36. Nd4 Rxg2 37. Bxa5 Bxa5 38. Rxa5 Rd2 39. Ra4 Rxh2 40. c6 1-0

[Event "Challenge"]
[Site "http://www.queenalice.com/game.php?id=1627417"]
[Date "2020.9.18"]
[Round "-"]
[White "paolop69"]
[Black "marcomasao"]
[Result "0-1"]
[WhiteElo "1568"]
[BlackElo "1917"]

1. e4 e5 2. Bc4 Bc5 3. Qf3 Nf6 4. d3 Nc6 5. c3 d5 6. exd5 Bg4 7. Qg3 h5 8. dxc6
Qe7 9. cxb7 Rb8 10. Bb5+ Kf8 11. Bc6 h4 12. d4 exd4+ 0-1

[Event "Challenge"]
[Site "http://www.queenalice.com/game.php?id=1627952"]
[Date "2020.9.24"]
[Round "-"]
[White "marcomasao"]
[Black "paolop69"]
[Result "1-0"]
[WhiteElo "1961"]
[BlackElo "1580"]

1. e4 e5 2. Bc4 Nc6 3. Nf3 d6 4. Nc3 Nd4 5. Nxd4 exd4 6. Nd5 c6 7. Nf4 b5 8. Bb3
Nf6 9. d3 g5 10. Nh5 Bg4 11. Nxf6+ Qxf6 12. Qxg4 h5 13. Qe2 O-O-O 14. Bd2 Re8
15. a4 a6 16. axb5 axb5 17. Ra8+ Kd7 18. Ra7+ Kc8 19. O-O Re7 20. Ra8+ Kb7 21.
Rfa1 Kb6 22. R1a6+ Kc5 23. Qe1 Rb7 24. Bb4# 1-0

[Event "Let's Play Chess!"]
[Site "http://www.queenalice.com/game.php?id=1628010"]
[Date "2020.9.25"]
[Round "-"]
[White "paolop69"]
[Black "Lucasbarbaruiva"]
[Result "0-1"]
[WhiteElo "1592"]
[BlackElo "1681"]

1. e4 e5 2. Bc4 d6 3. Qf3 Qf6 4. d3 Qxf3 5. Nxf3 h6 6. c3 Nc6 7. Be3 Be6 8. Bxe6
fxe6 9. Nbd2 g5 10. h3 Be7 11. g4 b6 12. Nb3 O-O-O 13. a3 Nf6 14. O-O-O d5 15.
exd5 exd5 16. d4 e4 17. Nfd2 Nd7 18. Na1 Na5 19. Nc2 c5 20. b4 cxb4 21. axb4 Nc4
22. Nxc4 dxc4 23. Na3 h5 24. Nb5 a5 25. Na7+ Kc7 26. bxa5 bxa5 27. d5 Bc5 28.
Nb5+ Kb6 29. Nd6 Bxe3+ 30. Kc2 Bxf2 31. Nf7 hxg4 32. Nxd8 Rxd8 33. Rb1+ Kc5 34.
hxg4 Bh4 35. Rbd1 Ne5 36. Rhf1 Nxg4 37. Rf5 Ne3+ 0-1

[Event "Let's Play Chess!"]
[Site "http://www.queenalice.com/game.php?id=1628395"]
[Date "2020.9.28"]
[Round "-"]
[White "paolop69"]
[Black "Tenor"]
[Result "1-0"]
[WhiteElo "1591"]
[BlackElo "1589"]

1. e4 Nc6 2. c3 b6 3. h3 Bb7 4. d3 e5 5. Nf3 Nf6 6. Bg5 Be7 7. g4 h6 8. Bxf6
Bxf6 9. Nbd2 O-O 10. h4 g6 11. Nc4 Ne7 12. g5 hxg5 13. hxg5 Bg7 14. Nfxe5 Bxe5
15. Nxe5 Nc6 16. Nxc6 Bxc6 17. Qg4 f5 18. Qh4 Qe8 19. Qh7# 1-0

[Event "Challenge"]
[Site "http://www.queenalice.com/game.php?id=1628409"]
[Date "2020.9.29"]
[Round "-"]
[White "paolop69"]
[Black "marcomasao"]
[Result "0-1"]
[WhiteElo "1598"]
[BlackElo "1926"]

1. e4 e5 2. Bc4 Bc5 3. Qh5 Qf6 4. Qf5 Qe7 5. d3 h6 6. Nf3 Nc6 7. c3 d6 8. Bd5
Bxf5 9. h3 Bd7 10. g4 Nf6 11. Nbd2 Nxd5 12. Nb3 Nf4 13. Bxf4 exf4 14. Nxc5 dxc5
15. O-O h5 16. Kg2 hxg4 17. hxg4 Bxg4 18. Rh1 O-O-O 19. Rxh8 Rxh8 20. Nh2 Bh3+
21. Kf3 Qg5 22. Ke2 Qg2 23. Nf3 Bg4 0-1

[Event "Let's Play Chess!"]
[Site "http://www.queenalice.com/game.php?id=1628640"]
[Date "2020.10.1"]
[Round "-"]
[White "Lucasbarbaruiva"]
[Black "paolop69"]
[Result "0-1"]
[WhiteElo "1725"]
[BlackElo "1578"]

1. d4 e6 2. e3 c6 3. g3 Bb4+ 4. Bd2 Bxd2+ 5. Nxd2 Qa5 6. Bg2 d5 7. Ne2 Na6 8.
O-O Nf6 9. b3 Bd7 10. c4 Nb4 11. a4 Nd3 12. Nf3 Nb4 13. cxd5 cxd5 14. Ne5 Nc6
15. Nxd7 Kxd7 16. Qe1 Qxe1 17. Rfxe1 Na5 18. b4 Nb3 19. Ra2 Ne4 20. Bxe4 dxe4
21. Nc3 f5 22. Kg2 Rac8 23. Rc2 Rc4 24. Ree2 Na1 25. Rc1 Nb3 26. Rcc2 g5 27. Nb5
Rxc2 28. Rxc2 Rb8 29. Rc7+ Kd8 30. Rxh7 Rc8 31. Rxb7 Rc4 32. Nxa7 Ke8 33. h4 Nc1
34. a5 Nd3 35. b5 Ne1+ 36. Kh3 g4+ 37. Kh2 Nf3+ 38. Kg2 Ne1+ 39. Kf1 Rc1 40. Ke2
Nf3 41. b6 Re1# 0-1

[Event "Let's Play Chess!"]
[Site "http://www.queenalice.com/game.php?id=1629133"]
[Date "2020.10.6"]
[Round "-"]
[White "paolop69"]
[Black "Lucasbarbaruiva"]
[Result "0-1"]
[WhiteElo "1628"]
[BlackElo "1740"]

1. e4 e5 2. Bc4 d6 3. Qf3 Qf6 4. d3 Qxf3 5. Nxf3 h6 6. h3 Nf6 7. c3 c6 8. Be3 b5
9. Bb3 a5 10. a3 c5 11. Nbd2 Nc6 12. Bd5 Nxd5 13. exd5 Ne7 14. c4 bxc4 15. dxc4
f5 16. Nb3 g5 17. Bd2 e4 18. Bxa5 exf3 19. gxf3 Rxa5 20. Nxa5 Bg7 21. Nc6 Nxc6
22. dxc6 Bxb2 23. Ra2 Bd4 24. O-O Ba6 25. Rc1 Kd8 26. a4 Kc7 27. a5 Kxc6 28. Ra3
Rb8 29. Kg2 Bb2 30. Rb1 Bxc4 31. Re3 Rb4 32. Re6 Bxe6 33. a6 Kb6 34. Kg3 Kxa6
35. Re1 Be5+ 36. Kg2 h5 37. f4 Bd5+ 38. f3 Bxf4 39. Rd1 Rb2+ 40. Kg1 Bxf3 41.
Ra1+ Kb5 42. Ra3 d5 43. Rxf3 Rb1+ 44. Kf2 c4 45. Ke2 d4 46. Ra3 d3+ 47. Rxd3
cxd3+ 48. Kxd3 g4 49. hxg4 fxg4 50. Ke2 h4 51. Kf2 h3 0-1

[Event "Let's Play Chess!"]
[Site "http://www.queenalice.com/game.php?id=1629199"]
[Date "2020.10.6"]
[Round "-"]
[White "paolop69"]
[Black "Lucasbarbaruiva"]
[Result "0-1"]
[WhiteElo "1610"]
[BlackElo "1752"]

1. e4 e5 2. Bc4 d6 3. Qf3 Qf6 4. d3 Qxf3 5. Nxf3 c6 6. h3 b5 7. Bb3 a5 8. a4 Ba6
9. Ng5 Nh6 10. g4 f6 11. Ne6 Kd7 12. Bxh6 gxh6 13. axb5 Bxb5 14. c4 Ba6 15.
Nxf8+ Rxf8 16. Nc3 Bb7 17. Na4 Kc7 18. f3 Nd7 19. c5 Nxc5 20. Nxc5 dxc5 21. Bc4
Kb6 22. b3 Ba6 23. O-O Bxc4 24. dxc4 Rfd8 25. Rab1 Rd3 26. Kf2 Rad8 27. Kg3 Rd2
28. Kh4 Rg8 29. Kh5 Rg6 30. h4 Ka6 31. f4 exf4 32. Rxf4 Rg2 33. Rd1 Rb2 34. Rd6
Kb6 35. e5 fxe5 36. Rff6 Rxf6 37. Rxf6 Rxb3 38. Kxh6 e4 39. Kxh7 e3 40. Re6 Rc3
41. h5 a4 42. h6 a3 43. Re8 a2 44. Ra8 Rc2 45. Kg7 e2 46. h7 e1=Q 47. h8=Q Qe5+
48. Kg6 Qxh8 49. Rxh8 a1=Q 50. Rb8+ Kc7 0-1

[Event "Challenge"]
[Site "http://www.queenalice.com/game.php?id=1633616"]
[Date "2020.11.20"]
[Round "-"]
[White "paolop69"]
[Black "alterego"]
[Result "1-0"]
[WhiteElo "1593"]
[BlackElo "1670"]

1. e4 c5 2. Bc4 e6 3. c3 Nf6 4. d3 g6 5. h3 Nc6 6. Bg5 Bg7 7. Nf3 O-O 8. e5 Nxe5
9. Nxe5 Qc7 10. Qe2 d6 11. Nxf7 Qxf7 12. O-O d5 13. Bb3 b5 14. Nd2 Nh5 15. Nf3
Bb7 16. d4 c4 17. Bc2 Nf4 18. Qe3 Nh5 19. g4 Nf6 20. Ne5 Qe8 21. f3 Nd7 22. Nxd7
Qxd7 23. Bh6 Rf6 24. Bg5 Rf7 25. Bf4 Raf8 26. Be5 Bxe5 27. Qxe5 Qe7 28. Bd1 Qh4
29. Kg2 Qh6 30. Be2 Qd2 31. Rab1 a5 32. Rfd1 Qh6 33. Rf1 b4 34. cxb4 axb4 35.
Bd1 Ba6 36. Be2 Bb5 37. Rf2 Ba4 38. b3 cxb3 39. axb3 Bc6 40. Rc1 Qxc1 41. Qxe6
Bb7 42. Bb5 Qd2 43. Rxd2 Kg7 44. Rf2 Kh6 45. Qd6 Kg5 46. Qe5+ Kh4 47. Qg3+ Kg5
48. h4+ Kh6 49. g5+ Kg7 50. Qe5+ Kg8 51. Kg3 Bc8 52. f4 Rf5 53. Qd6 Kg7 54. Qxb4
h6 55. Bd3 R5f7 56. Qd6 hxg5 57. hxg5 Rh8 58. Qe5+ Kg8 59. Rh2 Rxh2 60. Kxh2 Kh7
61. Qe8 Rxf4 62. Qxg6+ 1-0

[Event "Challenge"]
[Site "http://www.queenalice.com/game.php?id=1649200"]
[Date "2021.4.9"]
[Round "-"]
[White "Nigel68"]
[Black "paolop69"]
[Result "1-0"]
[WhiteElo "1462"]
[BlackElo "1612"]

1. c4 e5 2. Na3 c6 3. d3 Bxa3 4. bxa3 d6 5. g3 Qa5+ 6. Qd2 Qxd2+ 7. Bxd2 c5 8.
Nf3 h6 9. Bg2 Nc6 10. e3 f6 11. O-O g5 12. h4 g4 13. Nh2 h5 14. f3 f5 15. f4 Nf6
16. Rfe1 O-O 17. Nf1 Bd7 18. Rab1 b6 19. Bc3 Rab8 20. Nd2 Rbc8 21. Rbd1 Nd8 22.
Nb3 Bc6 23. d4 Bxg2 24. Kxg2 Ne4 25. Rc1 Ne6 26. d5 Nxc3 27. Rxc3 Ng7 28. e4
Rfe8 29. Nd2 exf4 30. gxf4 fxe4 31. Nxe4 Nf5 32. Kf2 Nxh4 33. Nf6+ Kf7 34. Nxe8
Rxe8 35. Rh1 g3+ 36. Rxg3 Nf5 37. Rg5 Ng7 38. f5 Re5 39. Kg2 Rxf5 40. Rg3 Kf6
41. Rh4 Rg5 42. Re4 Rxg3+ 43. Kxg3 Kf5 44. Re7 Kf6 45. Rxa7 Nf5+ 46. Kh2 Ne3 47.
a4 Nxc4 48. Rh7 Nb2 49. Rh6+ Ke5 50. Rxh5+ Kd4 51. Rh4+ Kxd5 52. Kg2 c4 53. Rh5+
Kc6 54. a5 bxa5 55. Rxa5 d5 56. Kf2 d4 57. Ke2 c3 58. Ra3 c2 59. Kd2 Nc4+ 60.
Kxc2 Nxa3+ 61. Kd3 Kd5 62. Kd2 Ke4 63. Ke2 d3+ 64. Kd1 Ke3 65. Kc1 Ke2 66. Kb2
Nc2 67. Kc3 Na3 68. Kb3 Nb5 69. a4 Nc7 70. Kb4 d2 71. Kc5 d1=Q 72. Kb6 Qxa4 73.
Kxc7 Qa6 74. Kd7 Ke3 75. Kc7 Kd4 76. Kd7 Kd5 77. Kc7 Qc6+ 78. Kb8 Qd7 79. Ka8
Kc6 80. Kb8 Kb6 81. Ka8 1-0